Keith : standing in the shadows /

Bibliographic Details
Main Author: Booth, Stanley, 1942-
Format: Book
Language:English
Published: New York : St. Martin's Press, 1995.
Subjects:

MARC

Tag First Indicator Second Indicator Subfields
LEADER 00000cam a22000008a 4500
001 in00001237285
005 20151003062400.0
008 941115s1995 nyu 000 0beng
010 |a  94045127  
020 |a 0312118414 
035 |a (OCoLC)31607935 
035 |9 AGS7586AM 
040 |a DLC  |c DLC  |d IJC  |d UtOrBLW 
043 |a e-uk-en 
049 |a TXAM 
050 0 0 |a ML420.R515  |b B66 1995 
082 0 0 |a 782.42166/092  |a B  |2 20 
100 1 |a Booth, Stanley,  |d 1942- 
245 1 0 |a Keith :  |b standing in the shadows /  |c Stanley Booth ; photographs by Bob Gruen. 
263 |a 9503 
264 1 |a New York :  |b St. Martin's Press,  |c 1995. 
300 |a 211 pages :  |b illustrations ;  |c 21 cm. 
336 |a text  |b txt  |2 rdacontent 
337 |a unmediated  |b n  |2 rdamedia 
338 |a volume  |b nc  |2 rdacarrier 
600 1 0 |a Richard, Keith. 
650 0 |a Rock musicians  |z England  |v Biography. 
999 |a MARS 
999 f f |s f54f5ddd-4009-3a24-b3d3-f3fd73b7120d  |i 2ca9330f-b026-3af7-8973-c6e5d19c5059  |t 0 
952 f f |p normal  |a Texas A&M University  |b College Station  |c Sterling C. Evans Library  |d Evans: Library Stacks  |t 0  |e ML420.R515 B66 1995  |h Library of Congress classification  |i unmediated -- volume  |m A14819957627 
998 f f |a ML420.R515 B66 1995  |t 0  |l Evans: Library Stacks